000 00760nam a2200253 a 4500
001 46264
003 BD-RjUL
005 20211209054128.0
008 160801s1978 ii a b 001 0 eng d
035 _a(BD-RjUL)46382
035 _a270872
040 _aANL
_beng
_cANL
041 _aeng
082 0 4 _a956.94
_bGUA 1978
100 1 _aGupta, Bharat Bhushan.
_9141297
245 1 0 _aArab-Israeli relations /
_cBharat Bhushan Gupta.
260 _aNew Delhi :
_bAshish Publishing House,
_c1978.
300 _aviii, 135 p. :
_bill. ;
_c23 cm.
500 _aIncludes bibliographical references and index.
504 _aBibliography: p. [127]-130.
650 0 _aJewish-Arab relations.
_9141298
650 0 _aPalestinian Arabs
_zIsrael.
_9141299
942 _2ddc
_cBK
999 _c46264
_d46264